Breve historia de la geometría
Saved in:
| 主要作者: | |
|---|---|
| 格式: | 圖書 |
| 語言: | 西班牙语 |
| 出版: |
Buenos Aires
Losada
1948
|
| 叢編: | Biblioteca contemporánea
|
| 主題: | |
| 標簽: |
添加標簽
沒有標簽, 成為第一個標記此記錄!
|
MARC
| LEADER | 00000nam a2200000 a 4500 | ||
|---|---|---|---|
| 001 | UCX1349 | ||
| 003 | CL-VaPUC | ||
| 008 | 900806e19480000AG |||||||||||||||||spa|d | ||
| 082 | 0 | 4 | |a 516.09 |b VER |2 21 |
| 100 | 0 | |a Vera, Francisco |e author |9 316828 | |
| 245 | 1 | 0 | |a Breve historia de la geometría |
| 300 | |a 200 p | ||
| 942 | |c BK | ||
| 945 | |d 19900806 00:00:00 | ||
| 260 | |a Buenos Aires |b Losada |c 1948 | ||
| 650 | 7 | |a GEOMETRIA HISTORIA |2 CL-VaPUC |9 316829 | |
| 583 | |a last modification |c 19900806 00:00:00 |k Rodrigo Vera | ||
| 490 | 0 | |a Biblioteca contemporánea | |
| 999 | |c 222605 |d 222603 | ||